Physico-chemical biology (Запись № 9785394)

Подробности
000 -МАРКЕР
контрольное поле 02309nam0a2200397 i 4500
001 - ИДЕНТИФИКАТОР ЗАПИСИ
контрольное поле RU\NLR\b_ik\203895
005 - ИДЕНТИФИКАТОР ВЕРСИИ
контрольное поле 20260408110545.0
010 ## - МЕЖДУНАРОДНЫЙ СТАНДАРТНЫЙ НОМЕР КНИГИ (ISBN)
Номер (ISBN) 9785859570867
Тираж 150
021 ## - НОМЕР ГОСУДАРСТВЕННОЙ РЕГИСТРАЦИИ
Код страны российская федерация
Номер 2013-58922
Номер Листа государственной регистраци 4057
035 ## - ДРУГИЕ СИСТЕМНЫЕ НОМЕРА
Идентификатор записи (NLR Aleph) 009999667
100 ## - ДАННЫЕ ОБЩЕЙ ОБРАБОТКИ
Данные общей обработки 20130828d2011 k y0rusy50 ba
101 0# - ЯЗЫК РЕСУРСА
Язык текста, звукозаписи и т.д. английский
-- русский
102 ## - СТРАНА ПУБЛИКАЦИИ ИЛИ ПРОИЗВОДСТВА
Страна публикации российская федерация
105 ## - ПОЛЕ КОДИРОВАННЫХ ДАННЫХ: ТЕКСТОВЫЕ МАТЕРИАЛЫ, МОНОГРАФИЧЕСКИЕ
Кодированные данные о монографическом текстовом документе ac |||||||||
200 1# - ЗАГЛАВИЕ И СВЕДЕНИЯ ОБ ОТВЕТСТВЕННОСТИ
Основное заглавие Physico-chemical biology
Сведения, относящиеся к заглавию IInd International conference, dedicated to the 85th anniversary of academician Dmitri G. Knorre, July 25-29, 2011, Novosibirsk, Russia
-- [proceedings]
210 ## - ПУБЛИКАЦИЯ, РАСПРОСТРАНЕНИЕ И ДР.
Место издания, распространения и т.д. Novosibirsk
Имя издателя, распространителя и т. д. Офсет
Дата издания, распространения и т.д. 2011
215 ## - ФИЗИЧЕСКАЯ ХАРАКТЕРИСТИКА
Специфическое обозначение материала и объем 176 с.
Другие сведения о физической характеристике цв. ил., портр.
Размеры 21
300 ## - ОБЩИЕ ПРИМЕЧАНИЯ
Текст примечания В надзаг.: Russ. acad. of sciences, Sib. branch Inst. of chem. biology & fundamental medicine
300 ## - ОБЩИЕ ПРИМЕЧАНИЯ
Текст примечания В вып. дан.: Физико-химическая биология: сборник материалов II-й международной конференции, посвящена 85-летию академика Дмитрия Георгиевича Кнорре, 25-29 июля 2011 г., Новосибирск, Россия
300 ## - ОБЩИЕ ПРИМЕЧАНИЯ
Текст примечания Текст на англ. и рус. яз.
320 ## - ПРИМЕЧАНИЯ О НАЛИЧИИ В ДОКУМЕНТЕ БИБЛИОГРАФИИ / УКАЗАТЕЛЯ
Текст примечания Библиогр. в конце докл.
320 ## - ПРИМЕЧАНИЯ О НАЛИЧИИ В ДОКУМЕНТЕ БИБЛИОГРАФИИ / УКАЗАТЕЛЯ
Текст примечания Указ.: с. 157-162
517 0# - ДРУГИЕ ВАРИАНТЫ ЗАГЛАВИЯ
Вариант заглавия Физико-химическая биология
Сведения, относящиеся к заглавию сборник материалов II-й международной конференции, посвящена 85-летию академика Дмитрия Георгиевича Кнорре, 25-29 июля 2011 г., Новосибирск, Россия
600 #1 - ИМЯ ЛИЦА КАК ПРЕДМЕТ
Начальный элемент ввода Кнорре
Часть имени, кроме начального элемента ввода Д.Г.
Даты 1926
Расширение инициалов личного имени Дмитрий Георгиевич
Системный номер авторитетной/нормативной записи 2623386
Идентификатор авторитетной/нормативной записи RU\NLR\auth\661559946
606 ## - НАИМЕНОВАНИЕ ТЕМЫ КАК ПРЕДМЕТ
Наименование темы Биология
Формальный подзаголовок Съезды, совещания и т.п.
Тематический подзаголовок Физико-химические исследования
Системный номер авторитетной/нормативной записи 2460421
Идентификатор авторитетной/нормативной записи RU\NLR\auth\661462035
686 ## - ИНДЕКСЫ ДРУГИХ КЛАССИФИКАЦИЙ
Индекс Е07д(2)Кнорре
686 ## - ИНДЕКСЫ ДРУГИХ КЛАССИФИКАЦИЙ
Индекс Е071.1я431(0)
702 #1 - ИМЯ ЛИЦА - ВТОРИЧНАЯ ОТВЕТСТВЕННОСТЬ
Начальный элемент ввода Knorre
Часть имени, кроме начального элемента ввода D. G.
Даты 1926-
Расширение инициалов личного имени Dmitrij Gejrgievič
Код отношения Прочие
711 12 - НАИМЕНОВАНИЕ ОРГАНИЗАЦИИ - АЛЬТЕРНАТИВНАЯ ОТВЕТСТВЕННОСТЬ
Материалы, к которым относится поле eng
Начальный элемент ввода "Physico-chemical biology", international conference
Порядковый номер временной организации и / или порядковый номер ее части 2
Дата проведения временной организации 2011
Место проведения временной организации Novosibirsk
Графика поля Латинская
Идентификатор авторитетной/нормативной записи RU\NLR\AUTH\8810247156
Системный номер авторитетной/нормативной записи 380037
801 #0 - ИСТОЧНИК ЗАПИСИ
Страна российская федерация
Организация NLR
Дата составления 20130828
Правила каталогизации RCR
801 #1 - ИСТОЧНИК ЗАПИСИ
Страна российская федерация
Организация NLR
Дата составления 20130828
942 ## - ДОПОЛНИТЕЛЬНЫЕ ЭЛЕМЕНТЫ ЗАПИСИ (АБИС)
Тип экземпляра АБИС Книга
980 ## - КОЛЛЕКЦИЯ
Название коллекции НБР

Нет доступных экземпляров.